GSTF Journal of Law and Social Sciences (JLSS)

Detalles Bibliográficos
Formato: Revista
Lenguaje:inglés
Publicado: Washington, DC : Global Science and Technology Forum, 2012-
Materias:
Acceso en línea:http://www.vlex.com/source/7199

MARC

LEADER 00000nas a22000007a 4500
005 20130321150204.0
007 cr|||| ||||
008 130321c20129999xxufr|p s|||| 0|||a1eng d
022 |a 22512853  
035 |a 7199 
040 |a vLex 
090 |c 3967  |d 3967 
245 0 0 |a GSTF Journal of Law and Social Sciences   |b (JLSS)  |h [Recurso electrn̤ico] 
256 |a Servicio en ln̕ea 
260 |a Washington, DC :  |b Global Science and Technology Forum,   |c 2012- 
300 |a 1 Recurso electrn̤ico 
506 |d vLex Global  |d vLex Global (Academic Edition, excluding Law Schools)  |d vLex Global (U.S. Academic Edition, Law Schools)  |d vLex Global (U.S. Academic Edition, excluding Law Schools)  |d vLex Global (Academic Edition, Law Schools) 
650 0 4 |a Derecho laboral  |v Revistas 
740 |a vLex Revistas (Servicio en ln̕ea) 
856 |a Acceso restringido  |u http://www.vlex.com/source/7199 
942 |c REV 
999 0 |a Labor law and legislation